One life is not enough : (Record no. 478651)

000 -LEADER
fixed length control field 01466cam a22004457i 4500
001 - CONTROL NUMBER
control field 18398618
003 - CONTROL NUMBER IDENTIFIER
control field NUST
005 - DATE AND TIME OF LATEST TRANSACTION
control field 20180627064329.0
007 - PHYSICAL DESCRIPTION FIXED FIELD--GENERAL INFORMATION
fixed length control field ta
008 - FIXED-LENGTH DATA ELEMENTS--GENERAL INFORMATION
fixed length control field 140808s2014 ii af 001 0aeng d
010 ## - LIBRARY OF CONGRESS CONTROL NUMBER
LC control number 2014357814
016 7# - NATIONAL BIBLIOGRAPHIC AGENCY CONTROL NUMBER
Record control number 016837348
Source Uk
020 ## - INTERNATIONAL STANDARD BOOK NUMBER
International Standard Book Number 9788129132741
Terms of availability Rs. 440
020 ## - INTERNATIONAL STANDARD BOOK NUMBER
International Standard Book Number 8129132745
025 ## - OVERSEAS ACQUISITION NUMBER
Overseas acquisition number I-E-2014-357814; 62-92
035 ## - SYSTEM CONTROL NUMBER
System control number (OCoLC)ocn886619830
035 ## - SYSTEM CONTROL NUMBER
System control number (OCoLC)886619830
037 ## - SOURCE OF ACQUISITION
Source of stock number/acquisition Library of Congress -- New Delhi Overseas Office
038 ## - RECORD CONTENT LICENSOR
Staff Name Arshad
040 ## - CATALOGING SOURCE
Original cataloging agency DKAGE
Language of cataloging eng
Description conventions rda
Transcribing agency DKAGE
Modifying agency DLC
042 ## - AUTHENTICATION CODE
Authentication code lccopycat
-- lcode
043 ## - GEOGRAPHIC AREA CODE
Geographic area code a-ii---
050 00 - LIBRARY OF CONGRESS CALL NUMBER
Classification number DS481.N318
Item number A3 2014
082 04 - DEWEY DECIMAL CLASSIFICATION NUMBER
Classification number 324.2092
Author Mark SIN
100 1# - MAIN ENTRY--PERSONAL NAME
Personal name Natwar-Singh, K.,
Relator term author.
9 (RLIN) 11281
245 10 - TITLE STATEMENT
Title One life is not enough :
Remainder of title an autobiography /
Statement of responsibility, etc. K. Natwar Singh.
264 #1 - PRODUCTION, PUBLICATION, DISTRIBUTION, MANUFACTURE, AND COPYRIGHT NOTICE
Place of production, publication, distribution, manufacture New Delhi :
Name of producer, publisher, distributor, manufacturer Rupa Publications India,
Date of production, publication, distribution, manufacture, or copyright notice 2014.
300 ## - PHYSICAL DESCRIPTION
Extent xiii, 410 pages, 40 unnumbered pages of plates :
Other physical details illustrations (chiefly color) ;
Dimensions 24 cm
336 ## - CONTENT TYPE
Content type term text
Content type code txt
Source rdacontent
337 ## - MEDIA TYPE
Media type term unmediated
Media type code n
Source rdamedia
338 ## - CARRIER TYPE
Carrier type term volume
Carrier type code nc
Source rdacarrier
500 ## - GENERAL NOTE
General note Includes index.
530 ## - ADDITIONAL PHYSICAL FORM AVAILABLE NOTE
Additional physical form available note Also available as an e-book.
600 10 - SUBJECT ADDED ENTRY--PERSONAL NAME
Personal name Natwar-Singh, K.
9 (RLIN) 11282
650 #0 - SUBJECT ADDED ENTRY--TOPICAL TERM
Topical term or geographic name entry element Politicians
Geographic subdivision India
Form subdivision Biography.
9 (RLIN) 5509
650 #0 - SUBJECT ADDED ENTRY--TOPICAL TERM
Topical term or geographic name entry element Diplomats
Geographic subdivision India
Form subdivision Biography.
9 (RLIN) 11283
906 ## - LOCAL DATA ELEMENT F, LDF (RLIN)
a 7
b cbc
c copycat
d 3
e ncip
f 20
g y-gencatlg
942 ## - ADDED ENTRY ELEMENTS (KOHA)
Source of classification or shelving scheme
Koha item type Book
Holdings
Withdrawn status Lost status Source of classification or shelving scheme Damaged status Not for loan Collection code Permanent Location Current Location Shelving location Date acquired Total Checkouts Full call number Barcode Date last seen Copy number Price effective from Koha item type
            Central Library (CL) Central Library (CL) Book Cart 06/27/2018   324.2092 SIN CL2237 03/04/2021 1 06/27/2018 Book
© 2023 Central Library, National University of Sciences and Technology. All Rights Reserved.